Pharmacy administration, leadership, and management / (Record no. 363059)
[ view plain ]
| 000 -LEADER | |
|---|---|
| fixed length control field | 00504nam a2200133Ia 4500 |
| 008 - FIXED-LENGTH DATA ELEMENTS--GENERAL INFORMATION | |
| fixed length control field | 200302s9999 xx 000 0 und d |
| 020 ## - INTERNATIONAL STANDARD BOOK NUMBER | |
| International Standard Book Number | 9789719811916 |
| 100 ## - MAIN ENTRY--PERSONAL NAME | |
| Personal name | Bautista, Learni Magdalena A. |
| 245 ## - TITLE STATEMENT | |
| Statement of responsibility, etc | Learni Magdalena A. Bautista, Nelson T. Tubon, Eugene Marc D. Cera.-- |
| Title | Pharmacy administration, leadership, and management / |
| 260 ## - PUBLICATION, DISTRIBUTION, ETC. (IMPRINT) | |
| Place of publication, distribution, etc | Quezon City: |
| Name of publisher, distributor, etc | C & E Publishing |
| Date of publication, distribution, etc | 2019 |
| 300 ## - PHYSICAL DESCRIPTION | |
| Extent | 205 pages : |
| Other physical details | black and white illustrations; |
| 650 ## - SUBJECT ADDED ENTRY--TOPICAL TERM | |
| Topical term or geographic name as entry element | Leadership. |
| 650 ## - SUBJECT ADDED ENTRY--TOPICAL TERM | |
| Topical term or geographic name as entry element | Pharmacy management |
| Withdrawn status | Lost status | Damaged status | Home library | Current library | Shelving location | Date acquired | Total Checkouts | Full call number | Barcode | Date last seen | Price effective from | Koha item type |
|---|---|---|---|---|---|---|---|---|---|---|---|---|
| South SEED-LPDH College Library | South SEED-LPDH College Library | South SEED-LPDH College Section | 03/02/2020 | RS 100 .B352 2019 | SSLC1903 | 03/02/2020 | 03/02/2020 | Books |